Southville International School and Colleges
Your cart is empty.
  • Cart
  • Lists
    Public lists Eva Luna New books Lux_list list_1
    Your lists Log in to create your own lists
  • Log in to your account
  • Your cookies
  • Search history
Southville International School and Colleges
  • Advanced search
  • Recent comments
  • Most popular
  • Libraries

Log in to your account

Log in with GOOGLE


If you do not have an external account, but do have a local account, you can still log in:

  1. Home
  2. MARC view: Phlebotomy handbook :
Normal view MARC view ISBD view

Phlebotomy handbook : (Record no. 13715)

[ view plain ]
MARC details
000 -LEADER
fixed length control field 00790cam a22002414a 4500
003 - CONTROL NUMBER IDENTIFIER
control field OSt
005 - DATE AND TIME OF LATEST TRANSACTION
control field 20140310182454.0
008 - FIXED-LENGTH DATA ELEMENTS--GENERAL INFORMATION
fixed length control field 081219s2010 njua bf 001 0 eng
020 ## - INTERNATIONAL STANDARD BOOK NUMBER
International Standard Book Number 9780135134245 (pbk.)
020 ## - INTERNATIONAL STANDARD BOOK NUMBER
International Standard Book Number 0135134242 (pbk.)
050 ## - LIBRARY OF CONGRESS CALL NUMBER
Classification number RB 45.15
Item number .G37 2010
100 1# - MAIN ENTRY--PERSONAL NAME
Personal name Garza, Diana.
9 (RLIN) 8285
245 10 - TITLE STATEMENT
Title Phlebotomy handbook :
Remainder of title blood specimen collection from basic to advanced /
Statement of responsibility, etc Diana Garza, Kathleen Becan-McBride.
250 ## - EDITION STATEMENT
Edition statement 8th ed.
260 ## - PUBLICATION, DISTRIBUTION, ETC. (IMPRINT)
Place of publication, distribution, etc Upper Saddle River, N.J. :
Name of publisher, distributor, etc Pearson,
Date of publication, distribution, etc c2010.
300 ## - PHYSICAL DESCRIPTION
Extent 667 p. :
Other physical details col. ill. ;
Dimensions 25 cm.
650 #0 - SUBJECT ADDED ENTRY--TOPICAL TERM
Topical term or geographic name as entry element Phlebotomy
Form subdivision Handbooks, manuals, etc.
9 (RLIN) 8286
650 12 - SUBJECT ADDED ENTRY--TOPICAL TERM
Topical term or geographic name as entry element Phlebotomy
Form subdivision Handbooks.
9 (RLIN) 8287
700 1# - ADDED ENTRY--PERSONAL NAME
Personal name Becan-McBride, Kathleen,
Dates associated with a name 1949-
9 (RLIN) 8288
942 ## - ADDED ENTRY ELEMENTS (KOHA)
Source of classification or shelving scheme Library of Congress Classification
Koha item type
Holdings
Withdrawn status Lost status Source of classification or shelving scheme Damaged status Home library Current library Shelving location Date acquired Total Checkouts Total Renewals Full call number Barcode Date last seen Date checked out Copy number Price effective from Koha item type Source of acquisition
    Library of Congress Classification   South SEED-LPDH College Library South SEED-LPDH College Library South SEED-LPDH College Section 08/06/2013 3 25 RB 45.15 .G37 2010 SSLC0241 05/15/2018 09/26/2017 1 08/06/2013 Books  
    Library of Congress Classification   South SEED-LPDH College Library South SEED-LPDH College Library South SEED-LPDH College Section 08/12/2013 5 25 RB 45.15 .G37 2010 SSLC0270 05/03/2019 01/18/2019 2 08/12/2013 Books Donation

Phlebotomy handbook :

APA

Garza D., Becan-McBride K., . (2010). Phlebotomy handbook. Upper Saddle River, N.J: Pearson.

Chicago

Garza Diana, Becan-McBride Kathleen, . 2010. Phlebotomy handbook. Upper Saddle River, N.J: Pearson.

Harvard

Garza D., Becan-McBride K., . (2010). Phlebotomy handbook. Upper Saddle River, N.J: Pearson.

MLA

Garza Diana, Becan-McBride Kathleen, . Phlebotomy handbook. Upper Saddle River, N.J: Pearson. 2010.

  • Place hold
  • Print
  • Cite
  • Add to your cart (remove)
  • Save record
    BIBTEX Dublin Core MARCXML MARC (non-Unicode/MARC-8) MARC (Unicode/UTF-8) MARC (Unicode/UTF-8, Standard) MODS (XML) RIS
  • More searches
    Search for this title in:
    Other Libraries (WorldCat) Other Databases (Google Scholar) Online Stores (Bookfinder.com) Open Library (openlibrary.org)

Exporting to Dublin Core...

SOUTHVILLE LIBRARY

Southville International School and Colleges Library

1281 Tropical Ave. Cor. Luxembourg St., BF Homes International, Las Pinas City

Tel. No. 8256374 / 252358 Loc. 117/146

Powered by Koha